La otra guerra secreta : (Record no. 129607)

MARC details
000 -LEADER
fixed length control field 00810nam a22002057a 4500
005 - DATE AND TIME OF LATEST TRANSACTION
control field 20170623132456.0
008 - FIXED-LENGTH DATA ELEMENTS--GENERAL INFORMATION
fixed length control field 170309b mx ||||| |||| 00| 0 spa d
020 ## - INTERNATIONAL STANDARD BOOK NUMBER
International Standard Book Number 9789707808850
050 04 - LIBRARY OF CONGRESS CALL NUMBER
Classification number P96 .C42
Item number R63 2007
100 1# - MAIN ENTRY--PERSONAL NAME
Personal name Rodríguez Munguía, Jacinto,
245 13 - TITLE STATEMENT
Title La otra guerra secreta :
Remainder of title los archivos prohibidos de la prensa y el poder
Statement of responsibility, etc / Jacinto Rodríguez Munguía
250 ## - EDITION STATEMENT
Edition statement 1a ed.
260 ## - PUBLICATION, DISTRIBUTION, ETC. (IMPRINT)
Place of publication, distribution, etc México, D.F. :
Name of publisher, distributor, etc Debate,
Date of publication, distribution, etc 2007.
300 ## - PHYSICAL DESCRIPTION
Extent 491 p. ;
Dimensions 23 cm.
504 ## - BIBLIOGRAPHY, ETC. NOTE
Bibliography, etc Incluye bibliografía (p.469-491)
650 #7 - SUBJECT ADDED ENTRY--TOPICAL TERM
Source of heading or term LEMB
Topical term or geographic name as entry element Medios de comunicación masiva
General subdivision Historia
-- Censura
Chronological subdivision Siglo XX
Geographic subdivision México
650 #7 - SUBJECT ADDED ENTRY--TOPICAL TERM
Source of heading or term LEMB
Topical term or geographic name as entry element Medios de comunicación masiva
General subdivision Aspectos políticos
-- Historia
Chronological subdivision Siglo XX
Geographic subdivision México
700 1# - ADDED ENTRY--PERSONAL NAME
Personal name Granados Chapa, Miguel Ángel,
Relator term pról.
942 ## - ADDED ENTRY ELEMENTS (KOHA)
Source of classification or shelving scheme Biblioteca del Cogreso de los Estados Unidos
Koha item type Libro
Holdings
Estado de pérdida Fuente de clasificación Estado del daño No para préstamo Ubicación permanente Ubicación actual Apartado o colección Fecha de adquisición Edición Dependencia de educación superior (DES) Área del conocimiento Clasificación Código de Barras Date last seen Número de copia Tipo de recurso Nota pública
  Biblioteca del Cogreso de los Estados Unidos     Biblioteca del Instituto de Investigaciones Históricas Biblioteca del Instituto de Investigaciones Históricas General 09/03/2017 1a ed. Humanidades Educación y Humanidades P96 .C42 R63 2007 IIH000016576 09/03/2017 C:1 Libro GENERAL